[Event "Minsk op"]
[Site "Minsk"]
[Date "2023.11.07"]
[Round "5"]
[White "Hakobyan, Menua"]
[Black "Afanasiev, Nikita"]
[Result "0-1"]
[WhiteElo "1971"]
[BlackElo "2534"]
[PlyCount "72"]
[EventDate "2023.11.03"]
[EventType "swiss"]
[EventRounds "9"]
[EventCountry "BLR"]
[SourceTitle "CB46_2023"]
[SourceDate "2023.11.15"]
[SourceVersion "1"]
[SourceVersionDate "2023.11.15"]
[SourceQuality "1"]

1. c4 g6 2. Nf3 Bg7 3. d4 e6 4. e4 Ne7 5. Nc3 d5 6. Bd3 Nbc6 7. Be3 0-0 8. 0-0 b6 9. cxd5 exd5 10. e5 Bg4 11. h3 Bxf3 12. Qxf3 f6 13. exf6 Bxf6 14. Qg4 Qc8 15. Rfe1 Rf7 16. Qxc8+ Rxc8 17. Rad1 Rd8 18. Bc2 Na5 19. Bf4 c6 20. b3 Nb7 21. Re6 Rd7 22. g3 Rf8 23. Be5 Bg5 24. f4 Kf7 25. fxg5 Kxe6 26. Re1 Kf7 27. g4 Nd6 28. h4 c5 29. h5 cxd4 30. Bxd4 Rc8 31. Bb1 Ne4 32. Ne2 Nd2 33. Bd3 Nf3+ 34. Kf2 Nxe1 35. Kxe1 Nc6 36. Bf6 Rd6 0-1

[Event "Wch U08"]
[Site "Batumi"]
[Date "2016.10.24"]
[Round "6"]
[White "Yunusov, Nuriddin"]
[Black "Hakobyan, Menua"]
[Result "1-0"]
[WhiteElo "1152"]
[BlackElo "1432"]
[PlyCount "50"]
[EventDate "2016.10.19"]
[EventType "swiss"]
[EventRounds "11"]
[EventCountry "GEO"]
[SourceTitle "CBM 175 Extra"]
[Source "ChessBase"]
[SourceDate "2016.12.12"]
[SourceVersion "1"]
[SourceVersionDate "2016.12.12"]
[SourceQuality "1"]

1. e4 e5 2. Nf3 Nc6 3. Bb5 a6 4. Ba4 b5 5. Bb3 Bc5 6. 0-0 Bb7 7. Re1 Nge7 8. c3 d6 9. Bc2 0-0 10. d4 Bb6 11. d5 Nb8 12. a4 Nd7 13. Nbd2 Nf6 14. h3 Qd7 15. Nf1 Ng6 16. Kh2 Bxf2 17. Re2 Bb6 18. Ne3 Nf4 19. Rf2 Qe7 20. Nf5 Qd7 21. g3 N4h5 22. Qd2 Kh8 23. Qg5 g6 24. g4 gxf5 25. gxh5 Ne8 1-0